2M+ First-Level Subdivisions of Europe on a Map - Statistics

General Stats
  • This quiz has been taken 695 times
    116 since last reset
  • The average score is 68 of 89
Answers on the Map
Answers color-coded by a green-red scale on the quiz's map according to % correct below.
 
Answer Stats
Country Type Subdivision % Correct
United Kingdom 2021 C Country Scotland
100%
United Kingdom 2021 C Country Wales
100%
United Kingdom 2021 C Country England
99%
Italy 2025 E Region Sicily
98%
Russia 2024 E City Moscow
97%
Russia 2024 E Region Moscow
97%
Russia 2024 E City Saint Petersburg
97%
Germany 2024 E State Bavaria
96%
Spain 2024 Ev Community Catalonia
96%
Ukraine 2022 E City Kyiv
96%
Germany 2024 E State Berlin
95%
Turkey 2022 E Province Istanbul
95%
Greece 2021 C Administration Attica
93%
Portugal 2021 C District Lisbon
93%
Spain 2024 Ev Community Madrid
93%
Sweden 2024 E County Stockholm
93%
Belgium 2025 E Region Flanders
91%
France 2022 E Region Brittany
89%
Spain 2024 Ev Community Galicia
88%
Spain 2024 Ev Community Basque
87%
Germany 2024 E State Brandenburg
87%
Bosnia and Herzegovina 2022 E Division Federation of Bosnia and Herzegovina
87%
France 2022 E Region Normandy
87%
Ukraine 2022 E Region Odessa
87%
Italy 2025 E Region Tuscany
87%
Spain 2024 Ev Community Valencia
87%
Germany 2024 E State Baden-Württemberg
86%
Ukraine 2022 E Region Lviv
86%
Germany 2024 E State Saxony
86%
Germany 2024 E State Lower Saxony
85%
Belgium 2025 E Region Wallonia
85%
Spain 2024 Ev Community Andalusia
84%
Ukraine 2022 E Region Donetsk
84%
Italy 2025 E Region Lombardy
84%
Germany 2024 E State North Rhine-Westphalia
83%
Ukraine 2022 E Region Kharkiv
82%
France 2022 E Region Île-de-France
80%
Germany 2024 E State Schleswig-Holstein
80%
Italy 2025 E Region Lazio
79%
Italy 2025 E Region Veneto
79%
Spain 2024 Ev Community Castile and León
77%
Germany 2024 E State Hesse
77%
Ukraine 2022 E Region Luhansk
77%
Greece 2021 C Administration Macedonia and Thrace
77%
Italy 2025 E Region Piedmont
77%
France 2022 E Region Provence-Alpes-Côte d'Azur
77%
Germany 2024 E State Rhineland-Palatinate
77%
Russia 2024 E Region Rostov
77%
Germany 2024 E State Thuringia
77%
Austria 2025 E State Vienna
77%
Italy 2025 E Region Emilia-Romagna
76%
Germany 2024 E State Saxony-Anhalt
76%
Russia 2024 E Region Volgograd
75%
Ukraine 2022 E Region Dnipropetrovsk
73%
Spain 2024 Ev Community Castilla-La Mancha
72%
Russia 2024 E Territory Krasnodar
71%
Netherlands 2025 E Province North Holland
71%
Netherlands 2025 E Province South Holland
71%
Italy 2025 E Region Apulia
70%
Italy 2025 E Region Campania
70%
France 2022 E Region Grand Est
70%
Russia 2024 E Region Leningrad
70%
Russia 2024 E Region Nizhny Novgorod
70%
France 2022 E Region Bourgogne-Franche-Comté
67%
France 2022 E Region Occitanie
67%
France 2022 E Region Pays de la Loire
67%
Poland 2023 E Province Silesia
67%
France 2022 E Region Auvergne-Rhône-Alpes
66%
Russia 2024 E Republic Dagestan
66%
France 2022 E Region Nouvelle-Aquitaine
66%
Russia 2024 E Region Samara
66%
Russia 2024 E Territory Perm
65%
France 2022 E Region Hauts-de-France
63%
Poland 2023 E Province Łódź
63%
France 2022 E Region Centre-Val de Loire
61%
Poland 2023 E Province Pomerania
61%
Russia 2024 E Region Voronezh
60%
Poland 2023 E Province Greater Poland
57%
Poland 2023 E Province Lublin
55%
Russia 2024 E Region Saratov
54%
Russia 2024 E Republic Tatarstan
54%
Poland 2023 E Province Masovia
51%
Poland 2023 E Province Lesser Poland
50%
Netherlands 2025 E Province North Brabant
48%
Russia 2024 E Republic Bashkortostan
47%
Poland 2023 E Province Lower Silesia
46%
Russia 2024 E Territory Stavropol
43%
Netherlands 2025 E Province Gelderland
42%
Poland 2023 E Province Subcarpathia
38%
No matching quizzes found
Score Distribution
Percent of People with Each Score
Percentile by Number Answered
Your Score History
You have not taken this quiz since the last reset